Effectiveness of syzygium cumini (java plum) crude extract as an alternative to crystal violet in simple stain / (Record no. 284056)
[ view plain ]
| 000 -LEADER | |
|---|---|
| fixed length control field | 00763nam a2200205Ia 4500 |
| 008 - FIXED-LENGTH DATA ELEMENTS--GENERAL INFORMATION | |
| fixed length control field | 150520s9999 xx 000 0 und d |
| 050 ## - LIBRARY OF CONGRESS CALL NUMBER | |
| Classification number | RM 214 |
| 050 ## - LIBRARY OF CONGRESS CALL NUMBER | |
| Item number | .Am526 2015 |
| 100 ## - MAIN ENTRY--PERSONAL NAME | |
| Personal name | Amparado, Resannie A. |
| 245 ## - TITLE STATEMENT | |
| Title | Effectiveness of syzygium cumini (java plum) crude extract as an alternative to crystal violet in simple stain / |
| 245 ## - TITLE STATEMENT | |
| Statement of responsibility, etc | Resannie A. Amparado, Pauleene G. Antonio, Alyssa Kiana Ysabel M. Butingan, Charissa Claireen C. Cruz, Jemille Sarah J. Palma, Joveleen Jonah C. Petalver. |
| 260 ## - PUBLICATION, DISTRIBUTION, ETC. (IMPRINT) | |
| Place of publication, distribution, etc | Las Piñas, Philippines : |
| 260 ## - PUBLICATION, DISTRIBUTION, ETC. (IMPRINT) | |
| Name of publisher, distributor, etc | SISC, |
| 260 ## - PUBLICATION, DISTRIBUTION, ETC. (IMPRINT) | |
| Date of publication, distribution, etc | 2015. |
| 300 ## - PHYSICAL DESCRIPTION | |
| Extent | 65 pages : |
| 300 ## - PHYSICAL DESCRIPTION | |
| Other physical details | color illustrations ; |
| 300 ## - PHYSICAL DESCRIPTION | |
| Dimensions | 28 cm. |
| 500 ## - GENERAL NOTE | |
| General note | Includes bibliographical references and appendices. |
| 650 ## - SUBJECT ADDED ENTRY--TOPICAL TERM | |
| Topical term or geographic name as entry element | Plum |
No items available.